Moderné prístupy a výzvy v digitalizácii HR manažmentu

Saved in:
Bibliographic Details
Main Author: Banda, Federico, 2000-
Other Authors: Romanová, Anita, 1973-
Format: Book Chapter
Language:Slovak
English
Subjects:
Tags: Add Tag
No Tags, Be the first to tag this record!

MARC

LEADER 00000naa a2200000 4500
001 0313713
005 20251218130510.7
041 0 |a slo 
041 0 |a eng 
044 |a SK 
245 1 0 |a Moderné prístupy a výzvy v digitalizácii HR manažmentu  |c Federico Banda, Anita Romanová 
500 |a Abstrakt 
610 2 0 |a automatizácia 
610 2 0 |a automatizácia administratívy 
610 2 0 |a automatizácia riadenia 
610 2 0 |a zdroje ľudské 
610 2 0 |a procesy podnikové 
610 2 0 |a digitalizácia 
610 2 0 |a rozvoj pracovníkov 
610 2 0 |a inovácie technologické 
100 1 |a Banda, Federico, 2000- 
700 1 |a Romanová, Anita, 1973-